Copa Mundial de la FIFA 1950 - Estadísticas

Estadísticas generales
  • Esta prueba ha sido intentada 98 veces
  • La puntuación promedio es 11 de 13
Estadísticas de respuestas
Grupos Equipos % Correcto
GRUPO A Brasil
100%
GRUPO D Uruguay
100%
GRUPO B España
94%
GRUPO C Italia
93%
GRUPO B Inglaterra
88%
GRUPO B Chile
87%
GRUPO B Estados Unidos
85%
GRUPO A México
84%
GRUPO C Suecia
83%
GRUPO D Bolivia
77%
GRUPO A Suiza
76%
GRUPO C Paraguay
67%
GRUPO A Yugoslavia
67%
No se encontraron pruebas coincidentes
Distribución de puntuación
Porcentaje de gente con cada puntuación
Porcentaje por número respondido
Historial de tus puntuaciones
No has intentado esta prueba.